| 000 | 01979cam a2200457Li 4500 | ||
|---|---|---|---|
| 001 | ocn494440248 | ||
| 003 | TZ-ArACH | ||
| 005 | 20120322082257.0 | ||
| 008 | 080423s2008 xxu f b 001 0 eng d | ||
| 020 | _a9780801474361 (br) | ||
| 020 | _a0801474361 (br) | ||
| 035 | _a(OCoLC)494440248 | ||
| 040 |
_aZWZ _encafnor _bfre _cTZ-ArACH |
||
| 041 | _aEng | ||
| 049 | _aTZAA | ||
| 050 |
_aHD9743 .A2 _bS56 |
||
| 082 | 0 | 4 |
_a338.4/7355 _221 |
| 100 | 1 |
_aSinger, Peter Warren. _eAuteur. _94903 |
|
| 245 | 1 | 0 |
_aCorporate warriors _h[Texte imprimé] : the rise of the privatized military industry / _cP. W. Singer. |
| 250 | _aUpdated edition. | ||
| 260 |
_aIthaca (N.Y.) ; _aLondon : _bCornell university press, _ccop. 2008. |
||
| 300 |
_a1 vol. (xi-348 p.) : _bcouv. ill. en coul. ; _c24 cm. |
||
| 490 | 1 | _aCornell studies in security affairs | |
| 490 | 1 | _aCornell paperbacks | |
| 504 | _aBibliogr. p. 321-344. Index. | ||
| 650 | 0 |
_aDefense industries _zUnited States. _94904 |
|
| 650 | 0 |
_aMilitary-industrial complex _zUnited States. _94905 |
|
| 650 | 0 |
_aPrivatization _zUnited States. _94906 |
|
| 650 | 7 |
_aPrivatisations _zÉtats-Unis. _2ram _94907 |
|
| 650 | 7 |
_aIndustrie militaire _zÉtats-Unis. _2ram _94908 |
|
| 650 | 7 |
_aComplexes militaro-industriels _zÉtats-Unis. _2ram _94909 |
|
| 650 | 7 |
_aContrats de la défense _zÉtats-Unis. _2ram _94910 |
|
| 651 | 7 |
_aÉtats-Unis _xPolitique militaire. _2ram _94911 |
|
| 651 | 0 |
_aUnited States _xMilitary policy. _94912 |
|
| 830 | 0 |
_aCornell studies in security affairs. _94913 |
|
| 830 | 0 |
_aCornell paperbacks. _94914 |
|
| 942 |
_2lcc _cBOOK |
||
| 999 |
_c1628 _d1628 |
||